महान समाज सुधारक राजा राममोहन राय / (Record no. 150786)

MARC details
000 -LEADER
fixed length control field 01137nam a22002057a 4500
005 - DATE AND TIME OF LATEST TRANSACTION
control field 20180405114919.0
010 ## - LCCN (DPL NO)
LC control number B-690310-311
020 ## - INTERNATIONAL STANDARD BOOK NUMBER
International Standard Book Number 9788182020238
Terms of availability 395.00
035 ## - SYSTEM CONTROL NUMBER
System control number B-690310-311
037 ## - SOURCE OF ACQUISITION
Source of stock number/acquisition लोकप्रिय प्रकाशन
082 ## - DEWEY DECIMAL CLASSIFICATION NUMBER
Classification number 921
100 ## - MAIN ENTRY--PERSONAL NAME
Personal name तिवारी, प्रहलाद
245 ## - TITLE STATEMENT
Title महान समाज सुधारक राजा राममोहन राय /
Statement of responsibility, etc प्रहलाद तिवारी
260 ## - PUBLICATION, DISTRIBUTION, ETC. (IMPRINT)
Place of publication, distribution, etc दिल्ली
Name of publisher, distributor, etc देवांशु प्रकाशन
Date of publication, distribution, etc 395.00
270 ## - ADDRESS
Address 18-बी, साऊथ अनारकली
City दिल्ली
Postal code 110051
300 ## - PHYSICAL DESCRIPTION
Extent 144पृ.
Other physical details 22 सेमी (सजिल्द)
500 ## - GENERAL NOTE
General note बलिदानी पुस्तक
942 ## - ADDED ENTRY ELEMENTS (KOHA)
Source of classification or shelving scheme Dewey Decimal Classification
Item type Hindi Books
Classification part 921
Call number suffix तिवारी
Holdings
Withdrawn status Lost status Not for loan Collection code Home library Current library Date acquired Source of acquisition Cost, normal purchase price Full call number Barcode Copy number Cost, replacement price Koha item type Public note
      Non-fiction Central Library Central Library 05/04/2018 लोकप्रिय प्रकाशन/498/05-03-18/858/20-02-18/06-03-18 395.00 921 तिवारी B-690310 1 395.00 Hindi Books बलिदानी
      Non-fiction Sarojini Nagar Sarojini Nagar 05/04/2018 लोकप्रिय प्रकाशन/498/05-03-18/858/20-02-18/06-03-18 395.00 921 तिवारी B-690311 1 395.00 Hindi Books बलिदानी

© Delhi Public Library
Hit Counter
free hit counter